[Event "Vung Tau zt 3.2a"]
[Site "Vung Tau"]
[Date "2000.05.22"]
[Round "2"]
[White "Adianto, Utut"]
[Black "Barus, Cerdas"]
[Result "1/2-1/2"]
[WhiteElo "2584"]
[BlackElo "2445"]
[EventDate "2000.05.21"]
[PlyCount "69"]

1.d4 Nf6 2.c4 e6 3.Nf3 b6 4.g3 Ba6 5.b3 Bb7 6.Bg2 Bb4+ 7.Bd2 a5 8.O-O O-O 
9.Qc2 Be4 10.Qb2 c6 11.Bf4 Be7 12.Nc3 d5 13.Nxe4 Nxe4 14.Ne5 Nf6 15.Rac1 
Bd6 16.Bg5 h6 17.Bxf6 Qxf6 18.e4 Qe7 19.cxd5 Ba3 20.Qc2 Bxc1 21.Rxc1 cxd5 
22.exd5 Ra7 23.Qc4 Rd8 24.Qb5 Qb4 25.Qxb4 axb4 26.dxe6 fxe6 27.Bh3 Kf8 28.
Bxe6 Rxd4 29.Rc8+ Ke7 30.Bc4 Ra5 31.Ng6+ Kf6 32.Rxb8 Kxg6 33.Rxb6+ Kf5 34.
Rxb4 Rxa2 35.Rb7 1/2-1/2

[Event "Vung Tau zt 3.2a"]
[Site "Vung Tau"]
[Date "2000.05.22"]
[Round "2"]
[White "Antonio, Rogelio Jr"]
[Black "Mascarinas, Rico"]
[Result "1/2-1/2"]
[WhiteElo "2551"]
[BlackElo "2415"]
[EventDate "2000.05.21"]
[PlyCount "21"]

1.d4 d5 2.Nf3 Nf6 3.c4 e6 4.Nc3 Be7 5.Bg5 O-O 6.e3 b6 7.cxd5 Nxd5 8.Bxe7 
Qxe7 9.Be2 Bb7 10.Rc1 Nf6 11.O-O 1/2-1/2

[Event "Vung Tau zt 3.2a"]
[Site "Vung Tau"]
[Date "2000.05.22"]
[Round "2"]
[White "Bitoon, Richard"]
[Black "Jiravorasuk, Banjuab"]
[Result "1-0"]
[WhiteElo "2436"]
[BlackElo "2210"]
[EventDate "2000.05.21"]
[PlyCount "81"]

1.e4 c5 2.Nf3 d6 3.c3 Nf6 4.h3 g6 5.Bd3 Bg7 6.Bc2 O-O 7.O-O Nc6 8.d4 b6 9.
Qe2 cxd4 10.Nxd4 Bb7 11.Rd1 Qc8 12.Na3 Ba6 13.Qe1 Rb8 14.Bg5 b5 15.Rac1 h6
16.Be3 Rd8 17.f3 Ne5 18.Qf2 Nc4 19.Nxc4 bxc4 20.Ba4 Bb7 21.Nb5 a6 22.Na7 
Qe6 23.Bb6 Rf8 24.Bc7 d5 25.exd5 Nxd5 26.Re1 Qf6 27.Be5 Qg5 28.h4 Qf5 29.
Bxb8 Rxb8 30.Nc6 Bxc6 31.Bxc6 Nf4 32.Be4 Qb5 33.Qd2 e5 34.g3 Nd3 35.Bxd3 
cxd3 36.Rcd1 Rd8 37.Re3 f5 38.Rxd3 Rxd3 39.Qxd3 Qxb2 40.h5 Qb6+ 41.Kg2 1-0

[Event "Vung Tau zt 3.2a"]
[Site "Vung Tau"]
[Date "2000.05.22"]
[Round "2"]
[White "Lioe, Dede"]
[Black "Ismail, Ahmad"]
[Result "1-0"]
[WhiteElo "2370"]
[BlackElo "2072"]
[EventDate "2000.05.21"]
[PlyCount "89"]

1.e4 c5 2.Nf3 Nc6 3.d4 cxd4 4.Nxd4 g6 5.c4 Bg7 6.Be3 Nf6 7.Nc3 d6 8.h3 O-O
9.Be2 Bd7 10.O-O Nxd4 11.Bxd4 Bc6 12.Qd3 Nd7 13.Bxg7 Kxg7 14.Rfd1 f5 15.
Qd4+ Kg8 16.exf5 Rxf5 17.Bg4 Rf6 18.b4 Ne5 19.b5 Be8 20.Be2 Bf7 21.Nd5 
Bxd5 22.Qxd5+ Kg7 23.Qxb7 Qf8 24.f3 g5 25.Rd4 Ng6 26.a4 h5 27.a5 Nf4 28.
Bf1 Re6 29.Re4 Rxe4 30.Qxe4 Qf6 31.Re1 Re8 32.b6 axb6 33.axb6 Qb2 34.Rb1 
Qa2 35.Qf5 Rb8 36.Qxg5+ Kh8 37.Rb5 Nxh3+ 38.gxh3 Rg8 39.Qxg8+ Kxg8 40.b7 
Qa7+ 41.c5 Qb8 42.c6 Kf7 43.c7 Qa7+ 44.Kh1 Qf2 45.Rb1 1-0

[Event "Vung Tau zt 3.2a"]
[Site "Vung Tau"]
[Date "2000.05.22"]
[Round "2"]
[White "Pham, Minh Hoang"]
[Black "Dao, Thien Hai"]
[Result "0-1"]
[WhiteElo "2397"]
[BlackElo "2550"]
[EventDate "2000.05.21"]
[PlyCount "86"]

1.c4 e5 2.Nc3 Nc6 3.g3 g6 4.Bg2 Bg7 5.d3 d6 6.Rb1 Be6 7.Nf3 h6 8.O-O Qd7 
9.Re1 Nge7 10.b4 O-O 11.b5 Nd8 12.Bb2 f5 13.e3 Nf7 14.Nd2 c6 15.bxc6 bxc6 
16.Qa4 g5 17.d4 e4 18.Nb3 g4 19.Red1 Ng5 20.Ne2 Bf7 21.Nf4 Qc7 22.Na5 Rfb8
23.Ba3 Be8 24.c5 d5 25.Bf1 Ng6 26.Nxg6 Bxg6 27.Ba6 f4 28.Bb7 fxe3 29.fxe3 
Rf8 30.Rf1 Rab8 31.Qxc6 Rxf1+ 32.Kxf1 Qxa5 33.Bb4 Qxa2 34.Qxd5+ Bf7 35.
Qxa2 Bxa2 36.c6 Bxb1 37.c7 Re8 38.Be7 Bd3+ 39.Kg2 Ne6 40.Bd5 Kf7 41.Bd8 
Ba6 42.Bc4 Bc8 43.d5 Nxd8 0-1

[Event "Vung Tau zt 3.2a"]
[Site "Vung Tau"]
[Date "2000.05.22"]
[Round "2"]
[White "Simanjuntak, Sebastian"]
[Black "Nolte, Rolando"]
[Result "1/2-1/2"]
[WhiteElo "2313"]
[BlackElo "2365"]
[EventDate "2000.05.21"]
[PlyCount "45"]

1.d4 Nf6 2.c4 g6 3.Nc3 d5 4.Nf3 Bg7 5.Bg5 Ne4 6.cxd5 Nxg5 7.Nxg5 e6 8.h4 
exd5 9.e3 h6 10.Nf3 c6 11.Be2 O-O 12.b4 Bg4 13.Qb3 Nd7 14.Rc1 Re8 15.b5 
Bxf3 16.gxf3 h5 17.bxc6 bxc6 18.Na4 Qa5+ 19.Kf1 Rab8 20.Qc2 Re6 21.Kg2 Bf8
22.f4 Rb4 23.Nc3 1/2-1/2

[Event "Vung Tau zt 3.2a"]
[Site "Vung Tau"]
[Date "2000.05.22"]
[Round "2"]
[White "Tran, Ngoc Thach"]
[Black "Sharavdorj, Dashzeveg"]
[Result "0-1"]
[WhiteElo "2248"]
[BlackElo "2473"]
[EventDate "2000.05.21"]
[PlyCount "78"]

1.d4 Nf6 2.c4 g6 3.Nc3 Bg7 4.Nf3 O-O 5.g3 d5 6.cxd5 Nxd5 7.Bg2 Nxc3 8.bxc3
c5 9.O-O Nc6 10.d5 Na5 11.Bf4 e6 12.e4 Re8 13.Bg5 f6 14.Bf4 e5 15.Be3 b6 
16.Nd2 Ba6 17.Re1 Qd7 18.h4 Nb7 19.Kh2 Nd6 20.Bh3 f5 21.f3 Qf7 22.Rg1 Kh8 
23.g4 Bd3 24.Bg2 Qe7 25.Qe1 Rf8 26.Bh1 Rf7 27.h5 f4 28.hxg6 hxg6 29.Bf2 
Bf6 30.Bg2 Rh7+ 31.Bh3 Kg7 32.Rh1 Rah8 33.Kg2 Nf7 34.c4 Ng5 35.Rc1 Nxh3 
36.Rc3 Nxf2 37.Rxh7+ Rxh7 38.Qxf2 Bh4 39.Qg1 Be2 0-1

[Event "Vung Tau zt 3.2a"]
[Site "Vung Tau"]
[Date "2000.05.23"]
[Round "3"]
[White "Barus, Cerdas"]
[Black "Antonio, Rogelio Jr"]
[Result "1/2-1/2"]
[WhiteElo "2445"]
[BlackElo "2551"]
[EventDate "2000.05.21"]
[PlyCount "42"]

1.d4 Nf6 2.c4 e6 3.Nf3 Bb4+ 4.Bd2 Qe7 5.g3 Nc6 6.Bg2 Bxd2+ 7.Nbxd2 d6 8.
Nb1 e5 9.d5 Nb8 10.Nc3 e4 11.Nd4 O-O 12.Qd2 Re8 13.Nd1 a5 14.Ne3 Qe5 15.
Rc1 Na6 16.O-O Bd7 17.Rfd1 b6 18.b3 Qh5 19.a3 Ng4 20.Nxg4 Bxg4 21.Rc3 Bd7 
1/2-1/2

[Event "Vung Tau zt 3.2a"]
[Site "Vung Tau"]
[Date "2000.05.23"]
[Round "3"]
[White "Dao, Thien Hai"]
[Black "Sharavdorj, Dashzeveg"]
[Result "1-0"]
[WhiteElo "2550"]
[BlackElo "2473"]
[EventDate "2000.05.21"]
[PlyCount "89"]

1.d4 Nf6 2.c4 g6 3.Nc3 Bg7 4.e4 d6 5.Be2 O-O 6.Bg5 Na6 7.Qd2 e5 8.d5 c6 9.
f3 cxd5 10.cxd5 Bd7 11.g4 h6 12.Be3 h5 13.g5 Nh7 14.O-O-O Nc5 15.Kb1 Qe8 
16.Rc1 a5 17.h4 b5 18.Nh3 Qb8 19.Nf2 Qb7 20.Nd3 Na6 21.Nd1 b4 22.f4 exf4 
23.Bxf4 Rfe8 24.Bf3 Bf8 25.Ne3 Nc7 26.e5 Nb5 27.Bg2 dxe5 28.Nxe5 Bd6 29.
N3c4 Bf5+ 30.Ka1 a4 31.Nxd6 Nxd6 32.Nc6 a3 33.Bxd6 axb2+ 34.Qxb2 Rxa2+ 35.
Qxa2 b3 36.Na5 Ra8 37.Qa3 b2+ 38.Qxb2 Rxa5+ 39.Ba3 Rb5 40.Qa2 Rb3 41.Rhe1 
Qb6 42.Re8+ Nf8 43.Rxf8+ Kg7 44.Ra8 Kh7 45.Bb2 1-0

[Event "Vung Tau zt 3.2a"]
[Site "Vung Tau"]
[Date "2000.05.23"]
[Round "3"]
[White "Jiravorasuk, Banjuab"]
[Black "Tran, Ngoc Thach"]
[Result "1-0"]
[WhiteElo "2210"]
[BlackElo "2248"]
[EventDate "2000.05.21"]
[PlyCount "131"]

1.e4 e5 2.Nf3 d6 3.d4 Nf6 4.Nc3 Nbd7 5.Bc4 Be7 6.O-O c6 7.a4 Qc7 8.Re1 O-O
9.h3 b6 10.Nh4 g6 11.Bh6 Rd8 12.Nf3 Bb7 13.Ng5 d5 14.Bb3 a6 15.exd5 cxd5 
16.Qf3 e4 17.Rxe4 dxe4 18.Nxf7 Rf8 19.Ng5+ Kh8 20.Qe3 Qc6 21.Ne6 Rg8 22.
Ng5 Raf8 23.Rd1 Bb4 24.Bxg8 Kxg8 25.Bxf8 Bxf8 26.d5 Qc5 27.Ngxe4 Qxe3 28.
Nxf6+ Nxf6 29.fxe3 Kf7 30.Kf2 Bb4 31.Na2 Bd6 32.c4 Be5 33.b3 Bc8 34.Nb4 
Ne4+ 35.Kf3 Nc5 36.Nd3 Nxd3 37.Rxd3 Ke7 38.a5 bxa5 39.c5 Bd7 40.c6 Be8 41.
Rd2 Kd6 42.e4 g5 43.Ra2 Kc5 44.Rxa5+ Kb6 45.Ra4 Bh5+ 46.g4 Bg6 47.Ke3 Bd6 
48.Kd4 a5 49.Rc4 Bg3 50.Rc2 Bd6 51.Kd3 Be5 52.Rf2 Bg7 53.Rf1 Kc7 54.Kc4 
Kd6 55.Re1 Be5 56.Re2 Kc7 57.Kb5 Bc3 58.Rc2 Bb4 59.Rc4 Bf7 60.Rxb4 axb4 
61.Kxb4 Bg6 62.e5 Be4 63.Kc5 Bg2 64.d6+ Kd8 65.e6 Be4 66.Kd4 1-0

[Event "Vung Tau zt 3.2a"]
[Site "Vung Tau"]
[Date "2000.05.23"]
[Round "3"]
[White "Mok, Tze Meng"]
[Black "Pham, Minh Hoang"]
[Result "1-0"]
[WhiteElo "2270"]
[BlackElo "2397"]
[EventDate "2000.05.21"]
[PlyCount "85"]

1.e4 c6 2.d4 d5 3.Nd2 g6 4.Ngf3 Bg4 5.Bd3 dxe4 6.Nxe4 Bg7 7.c3 Nd7 8.h3 
Bxf3 9.Qxf3 Ngf6 10.Nxf6+ Nxf6 11.O-O O-O 12.Re1 Nd5 13.Bg5 Re8 14.Re2 Qa5
15.Rae1 e6 16.c4 Nb6 17.Bf6 Qxa2 18.Bxg7 Kxg7 19.Qf4 Qb3 20.Re3 Qb4 21.h4 
Nxc4 22.Bxc4 Qxc4 23.h5 Qb4 24.Qe5+ f6 25.h6+ Kf7 26.Rf3 Qe7 27.Ree3 Kg8 
28.Rxf6 Qd7 29.Ref3 Red8 30.Rf7 Qxf7 31.Rxf7 Kxf7 32.Qg7+ Ke8 33.Qxh7 Rac8
34.Qxb7 Rb8 35.Qxa7 Ra8 36.Qb7 Ra1+ 37.Kh2 Rxd4 38.Qxc6+ Ke7 39.Qc5+ Rd6 
40.h7 Ra8 41.Qg5+ Kd7 42.Qf6 Rd5 43.h8=Q 1-0

[Event "Vung Tau zt 3.2a"]
[Site "Vung Tau"]
[Date "2000.05.23"]
[Round "3"]
[White "Nolte, Rolando"]
[Black "Tu, Hoang Thai"]
[Result "1/2-1/2"]
[WhiteElo "2365"]
[BlackElo "2269"]
[EventDate "2000.05.21"]
[PlyCount "57"]

1.e4 c5 2.Nf3 a6 3.c4 d6 4.d4 Bg4 5.dxc5 Bxf3 6.Qxf3 dxc5 7.Nc3 Nc6 8.Be3 
e6 9.Qd1 Qc7 10.Be2 Bd6 11.Qa4 O-O-O 12.h3 Bf4 13.Bxc5 Bd2+ 14.Kf1 Nf6 15.
Qc2 Bxc3 16.bxc3 Ne5 17.Bd4 Nxc4 18.Kg1 Rhe8 19.Bxc4 Qxc4 20.Bxf6 gxf6 21.
Rb1 Qd3 22.Rb2 Qxc2 23.Rxc2 Rd1+ 24.Kh2 Rxh1+ 25.Kxh1 Kc7 26.Kg1 Kc6 27.
Rd2 Re7 28.Kf1 Kc5 29.Rd4 1/2-1/2

[Event "Vung Tau zt 3.2a"]
[Site "Vung Tau"]
[Date "2000.05.23"]
[Round "3"]
[White "Roca, Petronio"]
[Black "Myo, Naing"]
[Result "1-0"]
[WhiteElo "2362"]
[BlackElo "2545"]
[EventDate "2000.05.21"]
[PlyCount "97"]

1.d4 d5 2.Nf3 Nf6 3.c4 c6 4.Nc3 dxc4 5.a4 Bf5 6.e3 e6 7.Bxc4 Bb4 8.O-O 
Nbd7 9.Qb3 Qb6 10.e4 Bg4 11.e5 Nd5 12.Ne2 O-O 13.h3 Bh5 14.Rd1 Ba5 15.Bxd5
cxd5 16.Qe3 Bg6 17.Bd2 Bxd2 18.Qxd2 Rac8 19.Rdc1 Rc6 20.Rxc6 bxc6 21.Rc1 
c5 22.dxc5 Qc7 23.Qc3 Be4 24.Ned4 a6 25.c6 Nb6 26.Qa5 Ra8 27.Rc3 Bxf3 28.
Nxf3 f6 29.Rb3 Rb8 30.Qc5 Nc8 31.Rxb8 Qxb8 32.b4 Qb6 33.Qxb6 Nxb6 34.a5 
Na8 35.Nd4 Nc7 36.f4 g5 37.g3 Kf7 38.Kf2 gxf4 39.gxf4 fxe5 40.fxe5 Kg6 41.
Kg3 Kg5 42.h4+ Kh5 43.Kh3 h6 44.Kg3 Kg6 45.Kg4 Kf7 46.Nb3 Kg6 47.Nc5 d4 
48.h5+ Kf7 49.Kf3 1-0

[Event "Vung Tau zt 3.2a"]
[Site "Vung Tau"]
[Date "2000.05.23"]
[Round "3"]
[White "Simanjuntak, Sebastian"]
[Black "Villamayor, Bong"]
[Result "0-1"]
[WhiteElo "2313"]
[BlackElo "2474"]
[EventDate "2000.05.21"]
[PlyCount "110"]

1.d4 d5 2.Nf3 Nf6 3.c4 c6 4.cxd5 cxd5 5.Nc3 Nc6 6.Bf4 Bf5 7.e3 e6 8.Bb5 
Nd7 9.O-O Be7 10.Rc1 Rc8 11.Re1 O-O 12.h3 Qb6 13.a3 a6 14.Bxc6 Rxc6 15.Na4
Qb5 16.Rxc6 Qxc6 17.Nc3 Bxa3 18.Nxd5 Qxd5 19.bxa3 Rc8 20.Ne5 Nb6 21.Nd3 
Bxd3 22.Qxd3 Qc4 23.Qb1 Qc6 24.e4 Nc4 25.Qd3 Qd7 26.Qb3 b5 27.Rd1 f6 28.
Kh2 h6 29.d5 e5 30.Be3 Nd6 31.f3 Rc4 32.Qb2 Qc7 33.Qf2 Kh7 34.Bb6 Qc8 35.
Ba5 Nb7 36.Qb6 Nxa5 37.Qxa5 Ra4 38.Qb6 Rxa3 39.d6 Qd7 40.f4 exf4 41.Qc5 
Re3 42.Qd4 b4 43.Qxb4 f3 44.g4 Qe6 45.Qa5 Qxe4 46.Qf5+ Qxf5 47.gxf5 f2 48.
Rf1 Rd3 49.Rxf2 Rxd6 50.Kg3 a5 51.Rf4 Rd3+ 52.Kg4 Rb3 53.Rf1 Rb4+ 54.Kh5 
a4 55.h4 Rb5 0-1

[Event "Vung Tau zt 3.2a"]
[Site "Vung Tau"]
[Date "2000.05.23"]
[Round "3"]
[White "Torre, Eugenio"]
[Black "Bitoon, Richard"]
[Result "1-0"]
[WhiteElo "2557"]
[BlackElo "2436"]
[EventDate "2000.05.21"]
[PlyCount "73"]

1.d4 Nf6 2.c4 e6 3.Nc3 Bb4 4.e3 O-O 5.Ne2 Re8 6.a3 Bf8 7.d5 a5 8.g3 Na6 9.
Bg2 Nc5 10.b3 h5 11.Qc2 d6 12.e4 exd5 13.cxd5 b6 14.O-O Ba6 15.Rd1 Bxe2 
16.Nxe2 Nfxe4 17.Bb2 Nf6 18.b4 Ncd7 19.Nd4 Ng4 20.Rac1 Qg5 21.h3 Ngf6 22.
Qxc7 axb4 23.axb4 Ra2 24.Rc2 h4 25.Bc1 Rxc2 26.Qxc2 Qh5 27.g4 Qh8 28.Bg5 
g6 29.Nf3 Ne5 30.Nxe5 Rxe5 31.Bf4 Re8 32.Qc6 Re2 33.Bxd6 Bxd6 34.Qxd6 Kg7 
35.Qxb6 Qe8 36.Qd4 g5 37.d6 1-0

[Event "Vung Tau zt 3.2a"]
[Site "Vung Tau"]
[Date "2000.05.23"]
[Round "3"]
[White "Wo, Dai D"]
[Black "Surendorj, Handsuren"]
[Result "1/2-1/2"]
[WhiteElo "2110"]
[BlackElo "2214"]
[EventDate "2000.05.21"]
[PlyCount "43"]

1.d4 Nf6 2.Nf3 g6 3.Bf4 Bg7 4.e3 d6 5.h3 Nbd7 6.c3 O-O 7.Be2 b6 8.O-O Bb7 
9.a4 a5 10.Nbd2 Ne4 11.Nxe4 Bxe4 12.Nd2 Bb7 13.Bf3 d5 14.Bg5 h6 15.Bh4 g5 
16.Bg3 e5 17.Be2 Qe7 18.dxe5 Nxe5 19.Nf3 Nc4 20.Qc2 Nd6 21.Nd4 Be5 22.Bxe5
1/2-1/2

[Event "Vung Tau zt 3.2a"]
[Site "Vung Tau"]
[Date "2000.05.23"]
[Round "3"]
[White "Wynn, Zaw Htung"]
[Black "Hoang, Thanh Trang"]
[Result "1/2-1/2"]
[WhiteElo "2524"]
[BlackElo "2448"]
[EventDate "2000.05.21"]
[PlyCount "134"]

1.e4 e6 2.d4 d5 3.Nc3 Nf6 4.Bg5 Bb4 5.e5 h6 6.Bd2 Bxc3 7.bxc3 Ne4 8.Qg4 g6
9.Bd3 Nxd2 10.Kxd2 c5 11.Nf3 Bd7 12.Qf4 Bc6 13.h4 Nd7 14.Nh2 Qe7 15.Ng4 
O-O-O 16.Nf6 cxd4 17.cxd4 Qb4+ 18.Ke3 Nb6 19.Rab1 Qa4 20.Ng4 Nc4+ 21.Ke2 
Na3 22.Rb3 g5 23.Rxa3 gxf4 24.Rxa4 Bxa4 25.Kf3 Kd7 26.Rb1 Rb8 27.Kxf4 Ke7 
28.h5 b5 29.Nf6 Rbc8 30.Rb2 Rc7 31.Ke3 Rhc8 32.Kd2 b4 33.g4 Kf8 34.f4 a5 
35.g5 Kg7 36.Ng4 hxg5 37.fxg5 Rc4 38.h6+ Kh8 39.Bxc4 Rxc4 40.Kd3 Rc3+ 41.
Kd2 Kh7 42.Ne3 Kg6 43.Rb1 Rc8 44.Rf1 Rf8 45.Rg1 Bb5 46.Ng4 Bc4 47.Nf6 Ra8 
48.Ra1 a4 49.a3 b3 50.cxb3 Bxb3 51.Kc3 Rc8+ 52.Kb4 Bc2 53.Rc1 Kxg5 54.h7 
Rb8+ 55.Ka5 Ra8+ 56.Kb6 Bg6 57.Rh1 Rh8 58.Kb5 Kf4 59.Kb4 Ke3 60.Rh4 Be4 
61.Kc5 Rc8+ 62.Kd6 Rh8 63.Ke7 Bg6 64.Rg4 Kd3 65.Rh4 Kc4 66.Kd6 Kb3 67.Rh3+
Kc4 1/2-1/2

[Event "Vung Tau zt 3.2a"]
[Site "Vung Tau"]
[Date "2000.05.24"]
[Round "4"]
[White "Adianto, Utut"]
[Black "Mok, Tze Meng"]
[Result "1-0"]
[WhiteElo "2584"]
[BlackElo "2270"]
[EventDate "2000.05.21"]
[PlyCount "123"]

1.Nf3 g6 2.c4 Bg7 3.g3 e5 4.Nc3 f5 5.d3 d6 6.Bg2 Nf6 7.O-O O-O 8.b4 a5 9.
b5 Nbd7 10.Ba3 Nh5 11.Rc1 Rb8 12.c5 Nxc5 13.Nxe5 Be6 14.Nc4 b6 15.Nd5 Nf6 
16.Nf4 Bf7 17.e3 Kh8 18.Qc2 Ne6 19.Nxe6 Bxe6 20.Nd2 Rf7 21.Nf3 Nd5 22.Qc4 
Qe7 23.Ng5 Qxg5 24.Bxd5 Bxd5 25.Qxd5 Qe7 26.Rc4 Rd8 27.Rfc1 Rd7 28.Kg2 h5 
29.R1c2 Kh7 30.Bc1 Bh6 31.f4 Bg7 32.e4 Qe8 33.a4 Qb8 34.Re2 Qc8 35.Ba3 Qe8
36.Rcc2 Qd8 37.h4 Kh6 38.Re1 Qe8 39.Re3 Qd8 40.Rce2 Kh7 41.Qc6 Bd4 42.Rf3 
Qh8 43.Rf1 Qg7 44.Rfe1 Bc3 45.Rc1 Bd4 46.Qd5 Qh8 47.Rce1 Bc3 48.exf5 gxf5 
49.Qf3 Kg6 50.Re6+ Rf6 51.R1e2 Rf7 52.Re8 Qg7 53.Qc6 Bd4 54.Qd5 Ba1 55.Re1
Rf8 56.R8e2 R6f7 57.Re6+ Kh7 58.Qf3 Rf6 59.Qxh5+ Kg8 60.Re7 R6f7 61.Rxf7 
Rxf7 62.Qg5 1-0

[Event "Vung Tau zt 3.2a"]
[Site "Vung Tau"]
[Date "2000.05.24"]
[Round "4"]
[White "Antonio, Rogelio Jr"]
[Black "Wynn, Zaw Htung"]
[Result "1-0"]
[WhiteElo "2551"]
[BlackElo "2524"]
[EventDate "2000.05.21"]
[PlyCount "101"]

1.e4 c5 2.Nf3 d6 3.d4 cxd4 4.Nxd4 Nf6 5.Nc3 a6 6.Bc4 e6 7.Bb3 Nbd7 8.f4 
Nc5 9.f5 Be7 10.Qf3 O-O 11.O-O e5 12.Nde2 Nxb3 13.axb3 b5 14.Bg5 Bb7 15.
Bxf6 Bxf6 16.Rfd1 Rc8 17.Qd3 Qb6+ 18.Kh1 Rfd8 19.Ng3 Bg5 20.Nd5 Qf2 21.c3 
Qxb2 22.Rdb1 Qf2 23.Rf1 Qc5 24.f6 g6 25.Ne7+ Kf8 26.Nxc8 Qxc8 27.c4 bxc4 
28.bxc4 Qe6 29.Rfb1 Bc8 30.Ne2 Qxf6 31.Nc3 Qf2 32.Nd5 Kg7 33.Rf1 Qd2 34.
Qg3 Bh6 35.c5 Bb7 36.cxd6 Bf4 37.Qf3 f5 38.Rad1 fxe4 39.Qxe4 Bxd5 40.Qxd5 
Qxd5 41.Rxd5 Kf6 42.Ra5 Ke6 43.Rxa6 Rd7 44.g3 Bh6 45.Kg2 e4 46.Rb1 Bd2 47.
Rb8 e3 48.Re8+ Kd5 49.Re7 Rxd6 50.Rxd6+ Kxd6 51.Re4 1-0

[Event "Vung Tau zt 3.2a"]
[Site "Vung Tau"]
[Date "2000.05.24"]
[Round "4"]
[White "Bitoon, Richard"]
[Black "Nolte, Rolando"]
[Result "1/2-1/2"]
[WhiteElo "2436"]
[BlackElo "2365"]
[EventDate "2000.05.21"]
[PlyCount "69"]

1.e4 c5 2.Nf3 d6 3.c3 Nf6 4.h3 Nc6 5.Bd3 Qc7 6.O-O d5 7.exd5 Nxd5 8.Na3 a6
9.Re1 e6 10.Nc4 b5 11.Ne3 Be7 12.a4 Rb8 13.axb5 axb5 14.Qc2 Nf6 15.Ng4 
Nxg4 16.hxg4 h6 17.Bh7 Bf6 18.d4 g6 19.Bxg6 fxg6 20.Qxg6+ Qf7 21.Qe4 Bb7 
22.Bf4 Nxd4 23.Qd3 c4 24.Qe3 Nxf3+ 25.gxf3 Bg5 26.Qxe6+ Qxe6 27.Rxe6+ Kf7 
28.Rb6 Bxf4 29.Ra7 Rhd8 30.Rbxb7+ Rxb7 31.Rxb7+ Ke6 32.Rxb5 Rb8 33.Rc5 
Rxb2 34.Rxc4 Bd2 35.Kf1 1/2-1/2

[Event "Vung Tau zt 3.2a"]
[Site "Vung Tau"]
[Date "2000.05.24"]
[Round "4"]
[White "Hoang, Thanh Trang"]
[Black "Mascarinas, Rico"]
[Result "0-1"]
[WhiteElo "2448"]
[BlackElo "2415"]
[EventDate "2000.05.21"]
[PlyCount "86"]

1.d4 g6 2.c4 Bg7 3.e4 d6 4.Nc3 Nc6 5.d5 Nd4 6.Be3 c5 7.Nge2 Qb6 8.Nxd4 
cxd4 9.Na4 Qa5+ 10.Bd2 Qc7 11.c5 Nf6 12.Bb5+ Bd7 13.cxd6 Qxd6 14.Bxd7+ 
Nxd7 15.b3 O-O 16.O-O f5 17.Qe1 b5 18.Nb2 fxe4 19.Qxe4 Nc5 20.Qe2 d3 21.
Nxd3 Nxd3 22.Qxd3 Bxa1 23.Rxa1 Rf5 24.Qxb5 Rxd5 25.Qc4 e6 26.Be1 Rc5 27.
Qe4 Qd5 28.Qa4 Rc7 29.h3 Rac8 30.Ba5 Rc5 31.Bb4 Qd4 32.Rf1 Rc2 33.Qa5 R8c7
34.Qb5 Kg7 35.a3 Rf7 36.Kh1 Rcxf2 37.Rxf2 Rxf2 38.Qa6 Kh6 39.Qc4 Qxc4 40.
bxc4 Rc2 41.Bf8+ Kg5 42.c5 Kf4 43.Kg1 Ke4 0-1

[Event "Vung Tau zt 3.2a"]
[Site "Vung Tau"]
[Date "2000.05.24"]
[Round "4"]
[White "Lioe, Dede"]
[Black "Jiravorasuk, Banjuab"]
[Result "1-0"]
[WhiteElo "2370"]
[BlackElo "2210"]
[EventDate "2000.05.21"]
[PlyCount "75"]

1.e4 c5 2.Nf3 d6 3.d4 cxd4 4.Nxd4 Nf6 5.Nc3 g6 6.Be3 Bg7 7.f3 O-O 8.Qd2 
Nc6 9.O-O-O d5 10.Nxc6 bxc6 11.Bc4 Qc7 12.Bb3 dxe4 13.fxe4 Ng4 14.Bf4 Ne5 
15.Kb1 Rb8 16.Qf2 Qa5 17.Qg3 Rb7 18.Rhe1 Be6 19.Rd4 Nc4 20.e5 Nxb2 21.Kxb2
c5 22.Ra4 Qc7 23.Ne2 c4 24.Qc3 Rc8 25.Nd4 Bd5 26.Re2 Qd7 27.Qa5 cxb3 28.
axb3 Bc4 29.Rd2 Bf1 30.c3 Qg4 31.Nc2 Qe6 32.Rd8+ Bf8 33.Nd4 Qg4 34.g3 g5 
35.Bd2 Rxd8 36.Qxd8 h6 37.e6 f6 38.Qe8 1-0

[Event "Vung Tau zt 3.2a"]
[Site "Vung Tau"]
[Date "2000.05.24"]
[Round "4"]
[White "Pham, Minh Hoang"]
[Black "Ismail, Ahmad"]
[Result "1-0"]
[WhiteElo "2397"]
[BlackElo "2072"]
[EventDate "2000.05.21"]
[PlyCount "105"]

1.c4 Nf6 2.Nc3 d5 3.cxd5 Nxd5 4.g3 Nxc3 5.bxc3 g6 6.Bg2 Bg7 7.Nf3 O-O 8.
O-O c5 9.Rb1 Qc7 10.d4 Nd7 11.Bf4 Qa5 12.Qc2 Nb6 13.Nd2 cxd4 14.cxd4 Bf5 
15.e4 Rac8 16.Qd3 Bd7 17.Rfd1 Qxa2 18.Ra1 Qc2 19.Qxc2 Rxc2 20.Rxa7 Bxd4 
21.Rxb7 e5 22.Bh6 Bc6 23.Bxf8 Bxb7 24.Bh6 f6 25.h4 Kf7 26.Bh3 Ba6 27.Bf1 
Bxf1 28.Rxf1 Nd7 29.Nf3 Re2 30.Rd1 Rxe4 31.Be3 Bxe3 32.Rxd7+ Ke6 33.Rxh7 
Bc5 34.Kf1 Ra4 35.Ng1 Ra2 36.Nh3 Kf5 37.Rc7 Kg4 38.Rxc5 Kxh3 39.Rc6 f5 40.
Rxg6 Ra1+ 41.Ke2 Kg2 42.g4 Ra2+ 43.Ke3 f4+ 44.Ke4 Re2+ 45.Kd5 f3 46.h5 
Kxf2 47.h6 Kg1 48.Rf6 Rh2 49.Rxf3 Rxh6 50.Kxe5 Kg2 51.Ra3 Rg6 52.Kf5 Rg8 
53.g5 1-0

[Event "Vung Tau zt 3.2a"]
[Site "Vung Tau"]
[Date "2000.05.24"]
[Round "4"]
[White "Sharavdorj, Dashzeveg"]
[Black "Roca, Petronio"]
[Result "0-1"]
[WhiteElo "2473"]
[BlackElo "2362"]
[EventDate "2000.05.21"]
[PlyCount "85"]

1.d4 d5 2.Nf3 Nf6 3.c4 c6 4.Nc3 e6 5.Bg5 Bb4 6.e3 Qa5 7.Bxf6 Bxc3+ 8.bxc3 
Qxc3+ 9.Nd2 gxf6 10.cxd5 exd5 11.Rb1 Nd7 12.Be2 Nf8 13.O-O Qa3 14.e4 Ne6 
15.exd5 cxd5 16.Bb5+ Ke7 17.Re1 a6 18.Ba4 b5 19.Bb3 Bb7 20.Qh5 Rag8 21.Nf3
Qd6 22.Rbc1 Rc8 23.Nh4 Rxc1 24.Rxc1 Qf4 25.Re1 Rf8 26.Qxh7 Kd6 27.g3 Qd2 
28.Rd1 Qg5 29.Nf5+ Kd7 30.Ne3 Kd6 31.Qd3 Rc8 32.Qd2 Qh5 33.a4 Ng5 34.Qb4+ 
Kd7 35.axb5 Qf3 36.h4 Ne4 37.Rf1 Nxg3 38.fxg3 Qxe3+ 39.Kh2 Qe2+ 40.Kg1 
Qe3+ 41.Kh2 Rc3 42.Rg1 Rxb3 43.Qf8 0-1

[Event "Vung Tau zt 3.2a"]
[Site "Vung Tau"]
[Date "2000.05.24"]
[Round "4"]
[White "Surendorj, Handsuren"]
[Black "Simanjuntak, Sebastian"]
[Result "0-1"]
[WhiteElo "2214"]
[BlackElo "2313"]
[EventDate "2000.05.21"]
[PlyCount "108"]

1.d4 d5 2.c4 c6 3.Nc3 Nf6 4.Nf3 e6 5.Bg5 dxc4 6.e4 b5 7.e5 h6 8.Bh4 g5 9.
Nxg5 Nd5 10.Nf3 Qa5 11.Qd2 Bb4 12.Rc1 Nd7 13.Be2 c5 14.O-O Bb7 15.dxc5 
Nxc5 16.Qd4 Bxc3 17.bxc3 Na4 18.Rfd1 Qb6 19.Qd2 Nc5 20.Nd4 a6 21.Bf3 Nd3 
22.Rb1 N5f4 23.Qe3 Rg8 24.Bg3 Bxf3 25.Qxf3 Nd5 26.Rxd3 cxd3 27.Qxd3 Qc7 
28.Nf5 exf5 29.Qxd5 Rd8 30.Qf3 Qd7 31.Re1 Qe6 32.h3 Rg6 33.Kh2 Kf8 34.Bh4 
Rc8 35.Re2 Qc6 36.Re3 Qxf3 37.Rxf3 Re6 38.Bf6 Rc4 39.Rd3 Re8 40.h4 Rec8 
41.Rf3 f4 42.h5 Ke8 43.Bg7 R8c6 44.g4 fxg3+ 45.fxg3 Rg4 46.Bf6 Kd7 47.Kh3 
Rgc4 48.g4 Ke6 49.g5 hxg5 50.Bxg5 Rxc3 51.Rxc3 Rxc3+ 52.Kg4 Rc4+ 53.Kf3 
Kf5 54.Bf6 Rc3+ 0-1

[Event "Vung Tau zt 3.2a"]
[Site "Vung Tau"]
[Date "2000.05.24"]
[Round "4"]
[White "Torre, Eugenio"]
[Black "Dao, Thien Hai"]
[Result "0-1"]
[WhiteElo "2557"]
[BlackElo "2550"]
[EventDate "2000.05.21"]
[PlyCount "178"]

1.e4 c5 2.c3 d5 3.exd5 Qxd5 4.d4 Nc6 5.Be3 e5 6.dxc5 Qxd1+ 7.Kxd1 Nf6 8.b4
a5 9.Bb5 Nd5 10.Nf3 f6 11.Bd2 axb4 12.cxb4 Bd7 13.Bxc6 Bxc6 14.Kc2 b6 15.
a3 bxc5 16.Nc3 cxb4 17.Nxd5 b3+ 18.Kxb3 Bxd5+ 19.Kb2 Rb8+ 20.Kc2 Bc5 21.
Bb4 Bxb4 22.axb4 O-O 23.Ra3 Rxb4 24.Rd1 Rc8+ 25.Kd2 Bxf3 26.Rxf3 Rd8+ 27.
Kc2 Rc4+ 28.Kb3 Rxd1 29.Kxc4 Rd2 30.Kc3 Ra2 31.Kb3 Re2 32.Kc4 Kf7 33.Kd5 
Rd2+ 34.Ke4 Ke6 35.Rg3 g6 36.Ke3 Rd1 37.Rg4 Rg1 38.g3 Rh1 39.h4 Kf5 40.Kf3
Re1 41.Ra4 e4+ 42.Kg2 Re2 43.Kf1 Rb2 44.Kg1 Ke5 45.h5 Kf5 46.hxg6 hxg6 47.
Kf1 Rd2 48.Ke1 Rc2 49.Kf1 Rb2 50.Kg1 Rb1+ 51.Kg2 Re1 52.f3 Re2+ 53.Kf1 
exf3 54.Rf4+ Ke5 55.Rxf3 Rc2 56.Rf4 f5 57.Ra4 g5 58.Kg1 Kd5 59.Kf1 Rc4 60.
Ra2 Ke4 61.Kf2 Kd3 62.Ra5 Rc2+ 63.Kf3 g4+ 64.Kf4 Rf2+ 65.Kg5 Ke4 66.Ra4+ 
Ke3 67.Ra3+ Ke2 68.Ra5 Rf3 69.Kh4 Kf2 70.Ra2+ Kg1 71.Ra1+ Kg2 72.Ra2+ Rf2 
73.Ra5 Kh2 74.Ra3 Kg2 75.Rb3 Re2 76.Rb5 Rf2 77.Rb3 Kh2 78.Ra3 Rg2 79.Rb3 
Re2 80.Ra3 Kg1 81.Ra5 Rh2+ 82.Kg5 Kg2 83.Ra3 Kh3 84.Kxf5 Rf2+ 85.Kg5 Rf3 
86.Ra1 Rb3 87.Ra4 Rxg3 88.Ra1 Rb3 89.Rh1+ Kg2 0-1

[Event "Vung Tau zt 3.2a"]
[Site "Vung Tau"]
[Date "2000.05.24"]
[Round "4"]
[White "Villamayor, Bong"]
[Black "Barus, Cerdas"]
[Result "1-0"]
[WhiteElo "2474"]
[BlackElo "2445"]
[EventDate "2000.05.21"]
[PlyCount "63"]

1.d4 d5 2.Nf3 Nf6 3.c4 c6 4.Nc3 a6 5.cxd5 cxd5 6.Bg5 e6 7.e3 Be7 8.Bd3 
Nbd7 9.O-O b6 10.Ne5 Bb7 11.f4 g6 12.Qf3 b5 13.Rac1 Rc8 14.Qh3 Ne4 15.Bxe7
Kxe7 16.Bxe4 dxe4 17.Ne2 Nb8 18.Rxc8 Bxc8 19.Rc1 f6 20.Nc6+ Nxc6 21.Rxc6 
Qd7 22.Rc5 Bb7 23.Qh6 Kf7 24.h4 f5 25.h5 Qd8 26.g3 Ba8 27.a3 Bb7 28.Kf2 
Bd5 29.b4 Ba8 30.Ng1 Bd5 31.Nh3 Kf6 32.Ng5 1-0